00661nam a2200229Ia 450000100060000000300090000600800410001504000130005604000130006904100130008210000210009510000290011624500280014524500420017325000110021526000120022626000200023826000490025830000570030765000360036465000310040010275IT-RoPAU130308s9999 xx 000 0 und d aIT-RoPAU cIT-RoPAU aITALIANO aHitchcock Alfred gCodice Aut. SPICS: 5464 aCome faccio i miei film bMostra internazionale del Cinema 1980 a1a ed. aVENEZIA bLa Biennale/Eri c1980 [1° Ed.:1980 - Ed.Ling.Originale:1968] a"4 p. (prefazione: no ; testo: 4 [pagine: 174-177])" aMANIFESTAZIONI CINEMATOGRAFICHE eCodice materia Spics: 6815